| 000 | 00718nam a2200217 a 4500 | ||
|---|---|---|---|
| 005 | 20210223121736.0 | ||
| 008 | 991125s1994 mx 000 0 spa u | ||
| 020 | _a9683631398 | ||
| 035 | _aUPN01000023049 | ||
| 049 | _aCG | ||
| 050 | 4 |
_aB422 _bA1 1994 |
|
| 100 | 0 |
_aAristóteles, _d384-322 a.C. |
|
| 245 | 1 | 0 |
_aEtica eudemia = _bHaikn eyahmion a. / _cAristóteles ; tr. Antonio Gómez Robledo. |
| 260 |
_aMéxico : _bUNAM, Dirección General de Publicaciones, _c1994. |
||
| 300 | _axxix, 140 p. | ||
| 440 | 0 | _aBibliotheca scriptorum graecorum et romanorum mexicana | |
| 500 | _aTexto en griego y español | ||
| 600 | 0 | 4 |
_aARISTOTELES, _d384-322 A.C. _tETHICA _96909 |
| 740 | 0 | _aHaikn eyahmion a. | |
| 905 | _aLibro | ||
| 999 |
_c23049 _d23049 |
||